=LDR 00000nam 2200000 4500 =001 INLIS000000000809707 =008 ###################################ind## =035 ##$$a 0010-0825000200 =245 ##$$a Kimia Dalam Kehidupan Kita / $c Dr. Anna permanasari =260 ##$$b ipa abong =020 ##$$a 1597994157616 =084 ##$$a 539.1 ARI k =082 ##$$a 539.1